| 000 | 00592nam a22001937a 4500 | ||
|---|---|---|---|
| 003 | OSt | ||
| 005 | 20180116183030.0 | ||
| 008 | 151217b xxu||||| |||| 00| 0 eng d | ||
| 020 | _a02-605-2014-2 | ||
| 024 | _202-605-2014-2 | ||
| 040 | _cLahore LUMS | ||
| 082 | _a174.4 LUM 2014 | ||
| 100 | _aNAQVI B | ||
| 245 |
_aMUNICIPAL BONDS – A SOURCE OF CAPITAL FOR THE GOVERNMENT _cNAQVI B |
||
| 260 |
_aLahore LUMS _b Lahore University of Management Sciences _c2014 |
||
| 300 |
_a18 p. _bPapers |
||
| 440 | _aMUNICIPAL BONDS – A SOURCE OF CAPITAL FOR THE GOVERNMENT | ||
| 942 |
_2ddc _cCS |
||
| 999 |
_c350951 _d350951 |
||